|
|
|
|
| LEADER |
00000cam a2200000 7i4500 |
| 001 |
0000000400 |
| 002 |
000000476 |
| 005 |
20021002.0 |
| 020 |
|
|
|a 000000476
|
| 090 |
0 |
0 |
|a JF
|b LIT
|
| 100 |
1 |
|
|a Bloom, George Arthur
|
| 245 |
1 |
0 |
|a My little pony in dreamland and escape from Catrina [
|h video recording]
|c George Arthur Bloom
|
| 260 |
|
|
|a Netherland :
|b Vestron Video International ,
|c 19_.
|
| 300 |
|
|
|a 1 Video recording VHS (60:00 min) :
|b col.(PAL)
|
| 500 |
|
|
|a Library has 1 copy
|
| 650 |
0 |
0 |
|a Cartoon and carricatures
|
| 999 |
|
|
|a PV0047
|b VIDEO
|c JUNIOR REFERENCE
|e PERPUSTAKAAN KOMUNITI PETALING JAYA
|